Online Catalogue and eLibrary

Yahapath biridak wiya haki maga (Record no. 5147)

MARC details
000 -LEADER
fixed length control field 00438nam a2200157Ia 4500
005 - DATE AND TIME OF LATEST TRANSACTION
control field 20250606031649.0
008 - FIXED-LENGTH DATA ELEMENTS--GENERAL INFORMATION
fixed length control field 240331s9999 xx 000 0 und d
020 ## - INTERNATIONAL STANDARD BOOK NUMBER
ISBN 9559008447
082 ## - DDC Classification
Item Number - Author Mark ATH
Class No. 305
100 ## - MAIN ENTRY--PERSONAL NAME
Personal name Aththanayake,D.R
245 #0 - TITLE STATEMENT
Title Yahapath biridak wiya haki maga
260 ## - PUBLICATION, DISTRIBUTION, ETC.
Place of publication, distribution, etc. Panadura
Name of publisher, distributor, etc. Sisksha manthira publishers
Date of publication, distribution, etc. 1999
300 ## - PHYSICAL DESCRIPTION
Extent (e.g. Volumes, Pages etc.) 211 p .,
500 ## - GENERAL NOTE
General note A book about how to help your husband to get ahead
942 ## - Koha item type (Biblio)
Koha item type Books in Stacks (Lending)
Holdings
Lost status Damaged status Collection code Home library Current library Shelving location Date acquired Full call number Accession Number Item type
    Lending WERC Library WERC Library Social Science Cupboard 03/31/2024 305 ATH 6178 Books in Stacks (Lending)

© WERC Library